Biblioteca

The Colossian Syncretism (Registro nro. 34578)

Detalles MARC
000 -LÍDER
Campo fijo de descripción fija 01548nam a2200313 i 4500
001 - NÚMERO DE CONTROL
Campo de control 768714001
003 - IDENTIFICADOR DEL NÚMERO DE CONTROL
Campo de control CO-MdFUSB
005 - FECHA Y HORA DE LA ULTIMA TRANSACCIÓN
control field 20241015102811.0
007 - CAMPO FIJO DE DESCRIPCIÓN FIJA--INFORMACIÓN GENERAL
Campo fijo de descripción fija ta
008 - ELEMENTOS DE LONGITUD FIJA -- INFORMACIÓN GENERAL
Campo fijo de descripción fija -- Información general 180413t1996 -us |||| |||| 00| 0 eng d
020 ## - NÚMERO INTERNACIONAL NORMALIZADO PARA LIBROS
Número Internacional Normalizado del libro 0-8010-2092-1
040 ## - FUENTE DE CATALOGACIÓN
Agencia de catalogación original CO-MdFUSB
Idioma de catalogación spa
Agencia que realiza la transcripción CO-MdFUSB
Agencia que realiza la modificación CO-MdFUSBC
Convenciones de la descripción rda
041 0# - CÓDIGO DE IDIOMA
Código de idioma para texto/pista de sonido o título separado eng
082 04 - NÚMERO DE CLASIFICACIÓN DECIMAL DEWEY
Número de clasificación 227.706
Número de la edición del Dewey 23
Clave de autor-Numero de item A752
100 1# - ASIENTO PRINCIPAL--NOMBRE PERSONAL
Nombre personal Arnold, Clinton E.
Término relacionador autor
245 14 - TÍTULO
Título del Material The Colossian Syncretism
Parte restante del título - Subtitulo : the interface between Christianity and folk belief at Colossae
Mención de responsabilidad, etc. / Clinton E. Arnold
264 #1 - PRODUCCIÓN, PUBLICACIÓN, DISTRIBUCIÓN, MANUFACTURA, Y COPYRIGHT
Lugar de producción, publicación, distribución, manufactura Grand Rapids, MI., USA :
Nombre del productor, publicador, distribuidor Baker,
Fecha de producción, publicación, distribución, manufactura, o copyright [1996]
264 #4 - PRODUCCIÓN, PUBLICACIÓN, DISTRIBUCIÓN, MANUFACTURA, Y COPYRIGHT
Fecha de producción, publicación, distribución, manufactura, o copyright ©1996
300 ## - DESCRIPCIÓN FÍSICA
Extensión 378 páginas
Dimensiones ; 23 cm
336 ## - TIPO DE CONTENIDO
Fuente rdacontent
Término de tipo de contenido texto
Código de tipo de contenido txt
337 ## - TIPO DE MEDIO
Fuente rdamedia
Nombre del tipo de medio sin mediación
Código del tipo de medio n
338 ## - TIPO DE SOPORTE
Fuente rdacarrier
Nombre del tipo de soporte volumen
Código Tipo de soporte nc
505 ## - NOTA DE CONTENIDO
Información miscelánea Parte I:
Título El "culto" a los ángeles:
Nota de contenido con formato preestablecido La veneración de los ángeles en la magia. -- la veneración de los ángeles en el judaísmo. -- La veneración local de los ángeles. --La veneración de los ángeles en Colosas
Información miscelánea Parte II:
Título Reconstrucción de la "filosofía" colosense:
Nota de contenido con formato preestablecido El término Έμβατεύω, la iniciación mistérica y los cultos locales. -- Potencias hostiles: el problema de la Stoichela. -- "Sabiduría", "Filosofía" y conducta ascética. -- Hacia una reconstrucción de "La Filosofía".
Información miscelánea Parte III:
Título La teología contextualizada de Colosenses:
Nota de contenido con formato preestablecido La respuesta teológica a la situación
563 ## - NOTA DE ENCUADERNACIÓN
Nota de encuadernación Rústico
630 07 - TITULO UNIFORME
Título uniforme Biblia.
Nombre de parte o sección de la obra Colosenses
Subdivisión de materia general Crítica, interpretación, etc
942 ## - TIPO DE MATERIAL (KOHA)
Tipo de Item KOHA Libros General
945 ## - INFORMACIÓN LOCAL DEL REGISTRO
Catalogador JTF-925
Existencias
Estado de Material Estado de Perdido Forma de Clasificación Estado de Dañado No para Préstamo Colección Tomo Biblioteca de Origen Biblioteca Permanente Fecha de Adquisición Área Total de Préstamos Total de Renovaciones Signatura Topográfica Código de Barras Última vez visto Última vez Préstado Ejemplar/Existencia Fecha de Remplazo Tipo de Material
    Dewey Decimal Classification     Colección General   Biblioteca FUSBC Biblioteca FUSBC 12/10/2024 BIBLIA 3 7 G 227.706 A752c 23469 06/08/2020 05/03/2020 Ej. 1 26/01/2016 Libros General

Biblioteca FUSBC | Teléfono: (57+4) 349 88 10 Ext. 141| WhatsApp (+57) 3005338115 
E-mail: biblioteca@unisbc.edu.co | Calle 76 87-14 Robledo Palenque, Medellín, Colombia

Con tecnología Koha